000 00331nam a2200121 a 4500
005 20140414131909.0
008 101006s19uu xx 00 eng d
050 _aER
_bSp6 2003
100 _aBoczkowski, Tricia
245 _aSpongebob Squarepants.
260 _aNew York :
_bSimon spotlight / Nickelodeon,
_c2003.
999 _c111112
_d111112